| 000 | 00949pam a2200301 a 4500 | ||
|---|---|---|---|
| 001 | 613529 | ||
| 003 | OSt | ||
| 005 | 20140310182345.0 | ||
| 008 | 920302s1993 nyua j 000 1 eng | ||
| 010 | _a 92000398 | ||
| 020 |
_a0689504608 _c$13.95 ($17.95 Can.) |
||
| 040 |
_aDLC _cDLC _dDLC |
||
| 042 | _alcac | ||
| 050 | 0 | 0 |
_aPZ 7. _b.T1127Bo 1993 |
| 082 | 0 | 0 |
_aGS 823 _bT11b 1993 |
| 100 | 1 |
_aTaber, Anthony. _921938 |
|
| 245 | 1 | 4 |
_aThe boy who stopped time / _cAnthony Taber. |
| 250 | _a1st ed. | ||
| 260 |
_aNew York : _bMargaret K. McElderry, _cc1993. |
||
| 300 |
_a27 p. : _bill. ; _c22 cm. |
||
| 541 | _j1 | ||
| 562 | _e1 | ||
| 650 | 1 |
_aStory books for children _921939 |
|
| 650 | 1 |
_aTime _921940 |
|
| 906 |
_a7 _bcbc _corignew _d1 _eocip _f19 _gy-gencatlg |
||
| 942 |
_2lcc _cBK-GS |
||
| 999 |
_c12224 _d12224 |
||